000 00779cam a2200241 a 4500
001 000018298
005 20200929165437.0
008 821126|1982 cr 000 p spa d
035 _a(DLC) 82235498
040 _aDO-SdBNP
_cDLC
_dDLC
_dBNPHU
082 _aCa861.44
_bC512c
100 1 _aChavarría, María Gabriela,
_d1961-
_939631
245 1 0 _aCuerpos abandonados /
_cMa. Gabriela Chavarría.
260 _aSan José :
_bCosta Rica,
_c1982.
300 _a69 p. ;
_c17 cm.
490 1 _aJoven creación
_apoesía
_v9
586 _aPremio Creación Joven, 1981
650 4 _aPoesía costarricense
_95301
650 4 _aLiteratura costarricense
_ySIGLO XX
_922789
830 0 _aJoven creación ;
_ppoesía :
_v9
_939632
910 _aCatalogación por copia / LC
049 _aBNGR
999 _c17819
_d17819